LEADER 01374aam 2200397I 450 001 9910710283003321 005 20160121100808.0 024 8 $aGOVPUB-C13-b0443e9c1f4b77b5c9ddf7091236954c 035 $a(CKB)5470000002476454 035 $a(OCoLC)935499289 035 $a(EXLCZ)995470000002476454 100 $a20160121d1980 ua 0 101 0 $aeng 181 $2rdacontent 182 $2rdamedia 183 $2rdacarrier 200 10$aCollaborative reference program for paper $ereport no. 61S strength tests /$fR. G. Powell; J. Horlick 210 1$aGaithersburg, MD :$cU.S. Dept. of Commerce, National Institute of Standards and Technology,$d1980. 215 $a1 online resource 225 1 $aNBSIR ;$v80-1822 300 $a1980. 300 $aContributed record: Metadata reviewed, not verified. Some fields updated by batch processes. 300 $aTitle from PDF title page. 320 $aIncludes bibliographical references. 517 $aCollaborative reference program for paper 700 $aPowell$b R. G$01386938 701 $aHorlick$b J$01386491 701 $aPowell$b R. G$01386938 712 02$aUnited States.$bNational Bureau of Standards. 801 0$bNBS 801 1$bNBS 801 2$bGPO 906 $aBOOK 912 $a9910710283003321 996 $aCollaborative reference program for paper$93441856 997 $aUNINA LEADER 02246nam0 2200457 i 450 001 REA0048545 005 20251003044334.0 010 $a8815074058 020 $aIT$b2001-4605 100 $a20071124d2000 ||||0itac50 ba 101 | $aita 102 $ait 181 1$6z01$ai $bxxxe 182 1$6z01$an 200 1 $aˆLa ‰comunicazione al computer$esociologia delle reti telematiche$fLuciano Paccagnella 210 $aBologna$cIl mulino$d[2000] 215 $a201 p.$d21 cm. 225 | $aUniversale paperbacks Il mulino$v374 410 0$1001CFI0000033$12001 $aUniversale paperbacks Il mulino$v374 606 $aInformatica$xDiffusione$xAspetti sociali$2FIR$3CFIC045041$9E 606 $aTelematica$xDiffusione$xAspetti sociali$2FIR$3CFIC074544$9I 676 $a302.2$9INTERAZIONE SOCIALE. COMUNICAZIONE$v19 676 $a302.23$9MEDIA (MEZZI DI COMUNICAZIONE)$v21 676 $a302.234$9MEDIA (MEZZI DI COMUNICAZIONE). CINEMA, RADIO, TELEVISIONE$v21 676 $a303.48$9CAUSE DEL CAMBIAMENTO SOCIALE$v12 676 $a303.48$9CAUSE DEL CAMBIAMENTO SOCIALE$v21 676 $a303.4833$9Cambiamento sociale. Comunicazioni$v20 676 $a303.4833$9CAUSE DEL CAMBIAMENTO SOCIALE. COMUNICAZIONI$v21 696 $aScienza degli elaboratori 699 $aInformatica$yScienza degli elaboratori 700 1$aPaccagnella$b, Luciano$3REAV097530$4070$0120224 801 3$aIT$bIT-000000$c20071124 850 $aIT-BN0095 $aIT-NA0079 $aIT-NA0452 901 $bNAP BN$cS.MOD $nLa consegna dei documenti è effettuata dall'Ufficio Distribuzione 901 $bNAP IS$cISSM $nSezione di studi sociali dell'attuale Istituto di studi sulle società del Mediterraneo 901 $bNAP 01$cPOZZO LIB.$nVi sono collocati fondi di economia, periodici di ingegneria e scienze, periodici di economia e statistica e altri fondi comprendenti documenti di economia pervenuti in dono. 912 $aREA0048545 950 0$aBiblioteca Centralizzata di Ateneo$c1 v.$d 01POZZO LIB.ECON MON 5356$e 0101 0000282075E VMA 1 v.$fB $h20210401$i20210401 977 $a 01$a BN$a IS 996 $aComunicazione al computer$9505918 997 $aUNISANNIO